000 01247nam0a2200301 4500
001 RU\NLR\BIBL_A\022790286
005 20260619145218.0
010 _a978-5-85006-764-9
_91000
035 _a(NLR Aleph) 022790286
090 _a13736977
_c13736977
100 _a20260420d2026 u y0rusy50 ca
101 0 _arus
102 _aRU
105 _ay g 000zy
181 0 _ai4
_baxxe
182 0 _an
200 1 _aСправочник по правотворческой технике: практическое пособие для органов местного самоуправления
_fЕ.В. Кискин
_gРАНХиГС, ВШГУ
203 _aТекст
_bвизуальный
_cнепосредственный
210 _aМосква
_cДЕЛО
_d2026
215 _a133, [2] c.
_d22
225 1 _aБиблиотека ВШГУ
606 1 _aОрганы местного самоуправления
_xПравотворчество
_yРоссийская Федерация
_jПрактические пособия
_2nlr_sh1
_2nlr_sh2
_3RU\NLR\AUTH\661271141
686 1 _aХ621.011.2
700 1 _aКискин
_bЕ. В.
942 _cBOOK
980 _aNB